[Event "WEM MT 2016"]
[Site "?"]
[Date "2016.08.27"]
[Round "1.2"]
[White "Reck, Moritz"]
[Black "Schulze, Ulrich"]
[Result "1/2-1/2"]
[WhiteElo "2151"]
[BlackElo "2301"]
[PlyCount "40"]
[EventDate "2016.??.??"]
[WhiteTeam "TSV Schönaich"]
[BlackTeam "Heilbronner SV"]

1. d4 Nf6 2. c4 g6 3. Nc3 d5 4. cxd5 Nxd5 5. e4 Nxc3 6. bxc3 Bg7 7. Nf3 c5 8.
Be3 Qa5 9. Qd2 Nc6 10. Rc1 cxd4 11. cxd4 Qxd2+ 12. Kxd2 O-O 13. d5 Rd8 14. Ke1
Na5 15. Bg5 Bd7 16. Bd3 Rdc8 17. Ke2 e6 18. Rxc8+ Rxc8 19. Rc1 Rxc1 20. Bxc1
exd5 1/2-1/2

[Event "WEM MT 2016"]
[Site "?"]
[Date "2016.08.28"]
[Round "2.1"]
[White "Gabriel, Robert"]
[Black "Kabisch, Thilo"]
[Result "1-0"]
[WhiteElo "2170"]
[BlackElo "2292"]
[PlyCount "187"]
[EventDate "2016.??.??"]
[WhiteTeam "Stuttgarter SF"]
[BlackTeam "SK Schmiden/Cannstatt"]

1. d4 Nf6 2. c4 g6 3. Nf3 Bg7 4. g3 d6 5. Bg2 O-O 6. O-O Nbd7 7. Nc3 e5 8. h3
Re8 9. e4 c6 10. Be3 Qc7 11. Re1 b6 12. Qd2 Bb7 13. Rad1 a6 14. dxe5 dxe5 15.
Qd6 Qc8 16. Qd2 Qc7 17. Nh2 Rad8 18. Qc2 Nf8 19. Na4 N6d7 20. c5 b5 21. Nc3 a5
22. a3 Ne6 23. Ne2 a4 24. Nc1 Qa5 25. Nd3 Qa7 26. h4 Ndf8 27. Ng4 Nd4 28. Bxd4
Rxd4 29. Ne3 Bc8 30. Nb4 Qc7 31. Rxd4 exd4 32. Nf1 f5 33. e5 Bd7 34. f4 Ne6 35.
Nd2 Bf8 36. Nd3 Qa7 37. Rc1 Rd8 38. Nf3 h6 39. Nh2 Be8 40. Nf3 Bf7 41. Nfe1 Qd7
42. Kh2 Nc7 43. Nb4 Nd5 44. Nxd5 Bxd5 45. Bxd5+ Qxd5 46. Nd3 Qf3 47. Re1 Be7
48. Qe2 Qd5 49. Qg2 Qe6 50. Rc1 Kf7 51. Nb4 Rc8 52. Qf3 g5 53. fxg5 hxg5 54.
Nd3 Rh8 55. Rf1 f4 56. h5 Ke8 57. g4 Kf7 58. Kg2 Rd8 59. Rc1 Rd5 60. Kh3 Bf8
61. Qe4 Bg7 62. Re1 Kg8 63. Qf5 Qe7 64. Qc8+ Rd8 65. Qxc6 f3 66. h6 f2 67. Nxf2
Qf7 68. Nd3 Bf8 69. Qf6 Qxf6 70. exf6 Bxh6 71. Re7 Bf8 72. Rb7 Rc8 73. Rxb5 Kf7
74. Rb4 Bxc5 75. Nxc5 Rxc5 76. Rxd4 Rb5 77. Rxa4 Rb3+ 78. Kg2 Rxb2+ 79. Kf3
Kxf6 80. Ke4 Re2+ 81. Kd5 Rd2+ 82. Rd4 Ra2 83. a4 Ra1 84. Re4 Rc1 85. Rc4 Rd1+
86. Kc6 Ke6 87. a5 Ra1 88. Kb5 Kd6 89. a6 Kd7 90. Ra4 Rb1+ 91. Kc5 Rb8 92. a7
Ra8 93. Kb6 Kc8 94. Rc4+ 1-0

[Event "WEM MT 2016"]
[Site "?"]
[Date "2016.08.28"]
[Round "2.2"]
[White "Hirneise, Jens"]
[Black "Schmidt, Tobias"]
[Result "1-0"]
[WhiteElo "2271"]
[BlackElo "2174"]
[PlyCount "83"]
[EventDate "2016.??.??"]
[WhiteTeam "SF Deizisau"]
[BlackTeam "SC Erdmannhausen"]

1. e4 e6 2. d4 d5 3. Nc3 Bb4 4. e5 c5 5. a3 Bxc3+ 6. bxc3 Ne7 7. Nf3 b6 8. Bb5+
Bd7 9. Bd3 c4 10. Be2 Ba4 11. h4 h6 12. h5 Kd7 13. O-O Qg8 14. Re1 Qh7 15. Ra2
Na6 16. Nh2 Raf8 17. Bg4 Nc7 18. Bf4 Kc8 19. Nf1 Kb7 20. Ne3 Nc6 21. Bg3 g6 22.
Bf3 Qg7 23. Ng4 Rc8 24. Nf6 Qf8 25. Qd2 Ne7 26. Bf4 Nb5 27. Bg4 g5 28. Be3 Ng8
29. Nxg8 Rxg8 30. Rf1 f5 31. exf6 Qxf6 32. f4 Rcf8 33. Raa1 Qe7 34. fxg5 Rxf1+
35. Rxf1 hxg5 36. h6 Nxa3 37. Bxg5 Rxg5 38. h7 Qxh7 39. Qxg5 Nxc2 40. Bxe6 Qd3
41. Qxd5+ Ka6 42. Bc8# 1-0

[Event "WEM MT 2016"]
[Site "?"]
[Date "2016.08.28"]
[Round "2.3"]
[White "Maisch, Julian"]
[Black "Latzke, Boris"]
[Result "0-1"]
[WhiteElo "2113"]
[BlackElo "2218"]
[PlyCount "78"]
[EventDate "2016.??.??"]
[WhiteTeam "SF Kornwestheim"]
[BlackTeam "SK Bebenhausen"]

1. e4 e5 2. Nf3 Nc6 3. Bb5 Nf6 4. d3 Bc5 5. O-O d6 6. Re1 Bd7 7. c3 Bb6 8. Nbd2
a6 9. Ba4 O-O 10. Nf1 Ne7 11. Bxd7 Nxd7 12. Ng3 f6 13. h4 Qe8 14. Be3 Qf7 15.
Bxb6 Nxb6 16. Qb3 Rfe8 17. Qc2 Nd7 18. d4 Nf8 19. a4 Ne6 20. dxe5 fxe5 21. Nf5
Rf8 22. Nxe7+ Qxe7 23. Qb3 Kh8 24. Re3 Nc5 25. Qc2 Rf4 26. g3 Rf6 27. Rf1 Raf8
28. Ne1 Qd7 29. a5 Qf7 30. Ng2 Nb3 31. f4 exf4 32. Rxf4 Rxf4 33. Nxf4 Qc4 34.
Rf3 Re8 35. Nh3 Nd4 36. Qf2 Nxf3+ 37. Qxf3 Qxe4 38. Qf7 Qe6 39. Qf1 Qe1 0-1

[Event "WEM MT 2016"]
[Site "?"]
[Date "2016.08.28"]
[Round "2.4"]
[White "Gabriel, Josef"]
[Black "Grill, Bernd"]
[Result "1/2-1/2"]
[WhiteElo "2080"]
[BlackElo "2231"]
[PlyCount "117"]
[EventDate "2016.??.??"]
[WhiteTeam "Stuttgarter SF"]
[BlackTeam "SV Ebersbach"]

1. Nf3 d5 2. g3 c6 3. Bg2 Bg4 4. h3 Bh5 5. c4 e6 6. cxd5 exd5 7. O-O Nd7 8. Nc3
Ngf6 9. d3 Be7 10. e4 dxe4 11. dxe4 Nc5 12. Qc2 Qd3 13. Ne1 Qxc2 14. Nxc2 Bg6
15. Bg5 Nfd7 16. Bxe7 Kxe7 17. f4 f6 18. b4 Nd3 19. Rfd1 Nb2 20. Rd4 Nb6 21.
Rb1 N2a4 22. Ne2 Rhd8 23. Rbd1 Bf7 24. a3 Nc4 25. Rxd8 Rxd8 26. Ned4 g6 27. e5
fxe5 28. fxe5 Nxe5 29. Re1 Kd6 30. Rf1 Bc4 31. Rf4 Nb6 32. Ne3 Bg8 33. g4 Nd5
34. Bxd5 Bxd5 35. Rf6+ Ke7 36. g5 Bg8 37. Nf3 Nxf3+ 38. Rxf3 Be6 39. Kf2 Rf8
40. h4 Rxf3+ 41. Kxf3 Kd6 42. Ke4 b6 43. Kd4 c5+ 44. bxc5+ bxc5+ 45. Ke4 c4 46.
Kd4 c3 47. Kxc3 Ke5 48. Nc2 Kf4 49. Kd4 Bb3 50. Nb4 Kg4 51. Ke5 Kxh4 52. Kf6
Kg4 53. Nd3 Bc2 54. Ne5+ Kh5 55. Nc6 h6 56. gxh6 Kxh6 57. Ne5 a5 58. Nxg6 Bxg6
59. Ke5 1/2-1/2

[Event "WEM MT 2016"]
[Site "?"]
[Date "2016.08.28"]
[Round "2.5"]
[White "Schulze, Ulrich"]
[Black "Tschlatscher, Thomas"]
[Result "1-0"]
[WhiteElo "2301"]
[BlackElo "2092"]
[PlyCount "59"]
[EventDate "2016.??.??"]
[WhiteTeam "Heilbronner SV"]
[BlackTeam "Heilbronner SV"]

1. d4 Nf6 2. Nf3 e6 3. c4 d5 4. g3 Be7 5. Bg2 O-O 6. O-O dxc4 7. Ne5 Nc6 8.
Bxc6 bxc6 9. Nxc6 Qe8 10. Qa4 Bd6 11. Qxc4 Bb7 12. Ne5 c5 13. Nc3 Rc8 14. Bg5
cxd4 15. Qxd4 Bxe5 16. Qxe5 Qc6 17. f3 Nd7 18. Qa5 f6 19. Be3 a6 20. Rac1 Qc7
21. Qxc7 Rxc7 22. Ne4 Rxc1 23. Rxc1 Bxe4 24. fxe4 Rb8 25. Rc7 Ne5 26. Bd4 Rb4
27. Bxe5 fxe5 28. b3 Rxe4 29. Kf2 Rb4 30. Ra7 1-0

[Event "WEM MT 2016"]
[Site "?"]
[Date "2016.08.28"]
[Round "2.6"]
[White "Neyman, Igor"]
[Black "Reck, Moritz"]
[Result "1-0"]
[WhiteElo "2271"]
[BlackElo "2151"]
[PlyCount "102"]
[EventDate "2016.??.??"]
[WhiteTeam "Stuttgarter SF"]
[BlackTeam "TSV Schönaich"]

1. d4 g6 2. c4 Bg7 3. e4 Nc6 4. Nf3 d6 5. d5 Ne5 6. Be2 Nxf3+ 7. Bxf3 Nf6 8.
Nc3 O-O 9. Bg5 h6 10. Be3 Bd7 11. h3 c6 12. Qd2 cxd5 13. cxd5 Kh7 14. O-O Qa5
15. a3 Rfc8 16. Rfc1 Ne8 17. Be2 Qd8 18. Rc2 Nc7 19. Rac1 Qe8 20. Bd3 a5 21.
Ne2 Na6 22. Bxa6 Rxc2 23. Rxc2 Rxa6 24. Rc7 b5 25. Nd4 Qd8 26. Qc2 Ra8 27. Rb7
Bxd4 28. Bxd4 Rc8 29. Qd2 Rc4 30. Ra7 a4 31. f3 f6 32. Kh2 Kg7 33. Bc3 Qc8 34.
Qe3 Rc7 35. Ra5 Be8 36. h4 Rb7 37. g4 Qc5 38. Bd4 Qc2+ 39. Kg3 Qc7 40. Ra8 Rb8
41. Ra7 Rb7 42. Ra6 b4 43. axb4 Rxb4 44. Bc3 Rb3 45. g5 hxg5 46. hxg5 Qc5 47.
gxf6+ exf6 48. Bxf6+ Kf7 49. Ra7+ Qxa7 50. Qxa7+ Kxf6 51. Qc7 Rxb2 1-0

[Event "WEM MT 2016"]
[Site "?"]
[Date "2016.08.28"]
[Round "2.7"]
[White "Pogan, Nikolas"]
[Black "Wendler, Werner"]
[Result "1-0"]
[WhiteElo "2062"]
[BlackElo "2232"]
[PlyCount "97"]
[EventDate "2016.??.??"]

1. c4 e6 2. Nf3 d5 3. g3 c6 4. Qc2 Bd6 5. d4 f5 6. Bg2 Nf6 7. Nbd2 O-O 8. O-O
a5 9. Ne5 a4 10. Nd3 b5 11. c5 Bc7 12. Nf3 Nbd7 13. Bf4 Bxf4 14. gxf4 Bb7 15.
Nfe5 Nxe5 16. fxe5 Nh5 17. f4 g5 18. fxg5 Qxg5 19. Qc1 f4 20. Qd2 Rf7 21. Rf2
Raf8 22. Raf1 Qh4 23. Rf3 Qg5 24. R1f2 Bc8 25. Kh1 Bd7 26. Rh3 Rg7 27. Qc1 Be8
28. Bf3 Qf5 29. Rh4 Rg5 30. Bxh5 Qe4+ 31. Bf3 Qxd4 32. Rxf4 Rxf4 33. Qxf4 Qxf4
34. Nxf4 Rxe5 35. Rg2+ Kf8 36. Kg1 Bf7 37. Nd3 Rf5 38. Bg4 Rf6 39. Ne5 Be8 40.
Rf2 Ke7 41. e3 h5 42. Be2 Rh6 43. h4 Rh7 44. Bd3 Rg7+ 45. Kh2 Rg8 46. Rf3 Rg7
47. Rg3 Rxg3 48. Kxg3 Kf6 49. Kf4 1-0

[Event "WEM MT 2016"]
[Site "?"]
[Date "2016.08.28"]
[Round "2.8"]
[White "Fischer, Sebastian"]
[Black "Pflaum, Stefan"]
[Result "1-0"]
[WhiteElo "2229"]
[BlackElo "2077"]
[PlyCount "173"]
[EventDate "2016.??.??"]
[WhiteTeam "TSV Schönaich"]
[BlackTeam "SC Botnang"]

1. d4 Nf6 2. c4 c5 3. d5 e5 4. Nc3 d6 5. e4 Be7 6. f3 Nbd7 7. Be3 Nf8 8. Qd2
Ng6 9. g3 a6 10. Nh3 Bd7 11. Nf2 Rb8 12. a4 b6 13. Be2 O-O 14. h4 Ne8 15. h5
Nh8 16. f4 f6 17. Nd3 Nf7 18. b4 h6 19. O-O Nc7 20. Rfb1 Na8 21. Rb2 Qc7 22. f5
Rb7 23. Ra3 Rfb8 24. Rab3 Qc8 25. Qc1 Bf8 26. Qb1 Nd8 27. Nf2 Nc7 28. Bd1 a5
29. b5 Nf7 30. Nh3 Qd8 31. Rh2 Be8 32. Kg2 Na8 33. Ne2 Rd7 34. Neg1 Rdb7 35.
Bg4 Bd7 36. Nf3 Qe7 37. Nh4 Re8 38. Ng6 Kh7 39. Qd1 Bc8 40. Rb1 Qd7 41. Nf2 Qd8
42. Qd2 Rbe7 43. Rf1 Rb7 44. Bd1 Qd7 45. Qe2 Rd8 46. Qg4 Qe8 47. Nh4 Kg8 48.
Qf3 Rbd7 49. Ng6 Nc7 50. g4 Be7 51. Kh1 Ng5 52. Qg3 Qf7 53. Bc2 Ne8 54. Nd1 Ra7
55. Rhf2 Rb7 56. Bd2 Ra7 57. Nb2 Ra8 58. Qg2 Ra7 59. Nd3 Ra8 60. Nc1 Ra7 61.
Nb3 Ra8 62. Kh2 Ra7 63. Rg1 Bf8 64. Qf1 Be7 65. Qe1 Bf8 66. Rg3 Ra8 67. Nxa5
bxa5 68. Bxa5 Rd7 69. Bd2 Be7 70. a5 Bd8 71. Ra3 Rda7 72. Ra4 Bd7 73. Bd3 Rb7
74. Kg2 Nc7 75. Be3 Bxb5 76. cxb5 Nxb5 77. Rb2 Nd4 78. Bxd4 exd4 79. Qb1 Rab8
80. Rxb7 Rxb7 81. Qc2 Ra7 82. a6 Qc7 83. Ra2 Nf7 84. Qa4 Qb6 85. Qe8+ Kh7 86.
Nf8+ Kg8 87. Nd7+ 1-0

[Event "WEM MT 2016"]
[Site "?"]
[Date "2016.08.28"]
[Round "2.9"]
[White "Weigand, Bernhard"]
[Black "Koch, Martin"]
[Result "1-0"]
[WhiteElo "2188"]
[BlackElo "2059"]
[PlyCount "113"]
[EventDate "2016.??.??"]
[WhiteTeam "SV Nürtingen"]
[BlackTeam "SC Botnang"]

1. e4 c5 2. Nf3 e6 3. b3 Nc6 4. Bb2 d6 5. d4 cxd4 6. Nxd4 Nf6 7. Nxc6 bxc6 8.
e5 dxe5 9. Qxd8+ Kxd8 10. Bxe5 Bb4+ 11. c3 Ba5 12. Be2 Bc7 13. Bxf6+ gxf6 14.
Bf3 Bd7 15. Nd2 Be5 16. O-O-O Ke7 17. Kc2 Rac8 18. Nc4 Bc7 19. Rd2 Rhd8 20. g3
c5 21. a4 Be8 22. Re2 Bb8 23. Rhe1 Bc6 24. Bxc6 Rxc6 25. Re4 Rcc8 26. Rh4 Rh8
27. Rh5 Kd7 28. Re4 f5 29. Reh4 Bc7 30. Rxh7 Rxh7 31. Rxh7 Ke7 32. Rh4 Rg8 33.
Nd2 Bd6 34. Rh6 Be5 35. f4 Bf6 36. Nf3 a6 37. Nd2 Rd8 38. Rh5 Rg8 39. Nc4 Kd7
40. Kd3 Ke7 41. Rh6 Rd8+ 42. Kc2 Rg8 43. Nb6 Bg7 44. Rh7 Kf6 45. Rh5 Rd8 46.
Rh4 Kg6 47. Nc4 Bf6 48. Rh3 Rd7 49. Ne3 Rd8 50. g4 fxg4 51. Rg3 Kh5 52. Nxg4
Bh4 53. Rg2 Rd5 54. Ne3 Rd7 55. Rg8 Bf2 56. Ng4 Bh4 57. Ne5 1-0

[Event "WEM MT 2016"]
[Site "?"]
[Date "2016.08.28"]
[Round "2.10"]
[White "Mareck, Sascha"]
[Black "Engelhart, Achim"]
[Result "1/2-1/2"]
[WhiteElo "2159"]
[BlackElo "2131"]
[PlyCount "94"]
[EventDate "2016.??.??"]
[WhiteTeam "SV Nürtingen"]
[BlackTeam "SV Jedesheim"]

1. d4 d5 2. Nf3 e6 3. g3 c5 4. c4 dxc4 5. Bg2 Nc6 6. Qa4 Qa5+ 7. Qxa5 Nxa5 8.
Nc3 Bd7 9. Bd2 Nf6 10. e4 cxd4 11. Nxd4 a6 12. e5 Ng4 13. Ne4 Nc6 14. Nxc6 Bxc6
15. Bc3 Rc8 16. h3 Nh6 17. g4 Be7 18. O-O O-O 19. Rfd1 Rfd8 20. Nd6 Bxd6 21.
exd6 Rd7 22. Bf1 Bd5 23. Be5 f6 24. Bg3 Nf7 25. Rac1 Nxd6 26. Bxd6 Rxd6 27.
Bxc4 Rcd8 28. Bxd5 exd5 29. Rd4 Kf7 30. Kg2 R8d7 31. Kf3 Re6 32. Rc5 Re5 33. b4
Ke6 34. a4 Kd6 35. Rc8 Rc7 36. Rd8+ Rd7 37. Rc8 g5 38. Kg3 Re4 39. Rxe4 dxe4
40. h4 Re7 41. Rf8 Ke6 42. hxg5 fxg5 43. Rf5 h6 44. b5 axb5 45. Rxb5 Kf6 46.
Rb6+ Kg7 47. Kg2 Kh7 1/2-1/2

[Event "WEM MT 2016"]
[Site "?"]
[Date "2016.08.28"]
[Round "2.11"]
[White "Amos, Frank"]
[Black "Gheng, Josef"]
[Result "0-1"]
[WhiteElo "2075"]
[BlackElo "2319"]
[PlyCount "88"]
[EventDate "2016.??.??"]

1. e4 e5 2. Nc3 Nc6 3. Bc4 Nf6 4. d3 Na5 5. Nge2 Nxc4 6. dxc4 c6 7. O-O Bc5 8.
Ng3 d6 9. Na4 Bb4 10. Qd3 Ba5 11. b3 a6 12. Be3 b5 13. Nb2 Ng4 14. Rad1 Nxe3
15. fxe3 Bc7 16. Nf5 Bxf5 17. exf5 Qh4 18. e4 Bb6+ 19. Kh1 Rd8 20. a4 b4 21.
Qe2 Bd4 22. Nd3 c5 23. Ne1 g5 24. Nf3 Qh6 25. Rd3 Qf6 26. Nxd4 exd4 27. Rh3 Kd7
28. Qg4 Rde8 29. Re1 h5 30. Rxh5 Rxh5 31. Qxh5 Qxf5 32. Qf3 Qxf3 33. gxf3 Ke6
34. Kg2 Ke5 35. Kg3 d3 36. cxd3 Kd4 37. Kg4 Re5 38. f4 gxf4 39. h4 f3 40. h5 f2
41. Rh1 Kxd3 42. Kf3 Rxh5 43. Rd1+ Kc2 44. Ke2 Rh6 0-1

[Event "WEM MT 2016"]
[Site "?"]
[Date "2016.08.28"]
[Round "2.12"]
[White "Reimche, Vadim"]
[Black "Namyslo, Holger"]
[Result "0-1"]
[WhiteElo "2053"]
[BlackElo "2278"]
[PlyCount "154"]
[EventDate "2016.??.??"]
[WhiteTeam "SF Ravensburg"]
[BlackTeam "TG Biberach"]

1. d4 e6 2. e4 d5 3. e5 c5 4. c3 Nc6 5. Bb5 Bd7 6. Bxc6 Bxc6 7. Ne2 Ne7 8. O-O
Nf5 9. Ng3 Nxg3 10. fxg3 Bb5 11. Rf2 Qc7 12. Be3 Be7 13. Qh5 O-O 14. Nd2 cxd4
15. Bxd4 Bc5 16. Nf3 Bd3 17. Bxc5 Qxc5 18. Nd4 Qe7 19. Re1 a6 20. g4 h6 21. Qh3
Be4 22. Qg3 Rac8 23. Ref1 b5 24. a3 Qg5 25. h4 Qg6 26. g5 h5 27. Ne2 Bf5 28.
Nf4 Qh7 29. Qe3 Bg4 30. g6 fxg6 31. Qb6 g5 32. hxg5 Qe4 33. Qxa6 Qe3 34. Nxe6
Rxf2 35. Rxf2 Re8 36. Qxb5 Rxe6 37. Qxd5 Qc1+ 38. Rf1 Qe3+ 39. Kh2 Qxg5 40. a4
Kh7 41. Qe4+ Kh6 42. Re1 Bf5 43. Qe3 Qxe3 44. Rxe3 Ra6 45. b4 Rxa4 46. e6 Ra8
47. b5 Kg5 48. c4 Kf6 49. e7 Be6 50. c5 Kxe7 51. b6 Rb8 52. Rd3 Kf6 53. Kg3 Ke5
54. Kh4 Bd5 55. g3 Rc8 56. Rc3 Kf5 57. Rc1 Bg2 58. g4+ hxg4 59. Kg3 Bf3 60. Rb1
Ke6 61. b7 Rb8 62. Rb6+ Kd7 63. Rg6 Kc7 64. c6 Rg8 65. Kf4 Bxc6 66. b8=Q+ Rxb8
67. Kxg4 Rg8 68. Kf4 Be8 69. Rg5 Kd6 70. Ke4 g6 71. Ra5 Rf8 72. Ra6+ Bc6+ 73.
Ke3 Rf3+ 74. Ke2 Rc3 75. Kf2 Ke5 76. Rb6 Kf4 77. Rb8 Rc2+ 0-1

[Event "WEM MT 2016"]
[Site "?"]
[Date "2016.08.28"]
[Round "2.13"]
[White "Kunert, Günter"]
[Black "Zuferi, Enis"]
[Result "1/2-1/2"]
[WhiteElo "2032"]
[BlackElo "2192"]
[PlyCount "88"]
[EventDate "2016.??.??"]
[WhiteTeam "SV Dicker Turm Esslingen"]
[BlackTeam "Heilbronner SV"]

1. e4 e5 2. Nf3 Nc6 3. Bb5 Nf6 4. O-O Nxe4 5. d4 Nd6 6. Bxc6 dxc6 7. dxe5 Nf5
8. Qxd8+ Kxd8 9. Nc3 Bd7 10. b3 Kc8 11. Bb2 Be7 12. Rad1 a5 13. a4 b6 14. Ne4
c5 15. Neg5 h6 16. Nxf7 Rf8 17. e6 Bxe6 18. N7e5 Bf6 19. Ng6 Re8 20. Bxf6 gxf6
21. Nf4 Bf7 22. Nd5 Nd4 23. Nxd4 Bxd5 24. Nf5 Be4 25. Rfe1 Kb7 26. Ne3 Rad8 27.
Kf1 Kc6 28. Rxd8 Rxd8 29. Ke2 h5 30. Rd1 Rd4 31. f3 Bg6 32. c3 Rd6 33. Rd2
Rxd2+ 34. Kxd2 Kd6 35. f4 Be4 36. g3 Ke6 37. h4 Bg6 38. c4 Be4 39. Kc3 c6 40.
Kd2 Bg6 41. Kc3 Bh7 42. Kd2 Be4 43. Kc3 Bg6 44. Kd2 Be4 1/2-1/2

[Event "WEM MT 2016"]
[Site "?"]
[Date "2016.08.28"]
[Round "2.14"]
[White "Behrendt, Clemens"]
[Black "Jaeschke, Armin"]
[Result "1/2-1/2"]
[WhiteElo "2129"]
[BlackElo "2122"]
[PlyCount "93"]
[EventDate "2016.??.??"]
[WhiteTeam "SC Böblingen"]
[BlackTeam "SC Ostfildern"]

1. Nf3 c5 2. g3 Nc6 3. c4 g6 4. Nc3 Bg7 5. Bg2 e6 6. O-O Nge7 7. d3 O-O 8. Bd2
a6 9. Qc1 Nf5 10. Rd1 Rb8 11. Bg5 Qc7 12. Ne4 f6 13. Bf4 e5 14. Bd2 d6 15. e3
Be6 16. Be1 b5 17. cxb5 Rxb5 18. b3 Rc8 19. Qa3 Nb4 20. Qb2 d5 21. Nc3 Rbb8 22.
Rac1 Qf7 23. e4 dxe4 24. Nxe4 Bf8 25. g4 Nd4 26. g5 Nxf3+ 27. Bxf3 fxg5 28.
Qxe5 Bg7 29. Qg3 Qf4 30. Nxg5 Qxg3+ 31. hxg3 Bf5 32. g4 Bh6 33. Bxb4 Rxb4 34.
Bd5+ Kg7 35. gxf5 Bxg5 36. Rc4 gxf5 37. Be6 Rc6 38. Bxf5 a5 39. Kg2 Bf6 40. Be4
Rc7 41. Rh1 h6 42. f4 Rc8 43. Kf3 Rxc4 44. Rg1+ Kf7 45. Bd5+ Ke7 46. Bxc4 Rc6
47. Re1+ {... im 89. remis} 1/2-1/2

[Event "WEM MT 2016"]
[Site "?"]
[Date "2016.08.29"]
[Round "3.1"]
[White "Latzke, Boris"]
[Black "Hirneise, Jens"]
[Result "1/2-1/2"]
[WhiteElo "2218"]
[BlackElo "2271"]
[PlyCount "118"]
[EventDate "2016.??.??"]
[WhiteTeam "SK Bebenhausen"]
[BlackTeam "SF Deizisau"]

1. d4 Nf6 2. c4 g6 3. Nc3 Bg7 4. e4 d6 5. f3 O-O 6. Be3 Nbd7 7. Nge2 c5 8. Qd2
a6 9. Ng3 cxd4 10. Bxd4 Ne5 11. Be2 Be6 12. Nd5 b5 13. cxb5 axb5 14. Nxf6+ Bxf6
15. O-O Nc4 16. Bxc4 Bxd4+ 17. Qxd4 Bxc4 18. Rf2 Rxa2 19. Rxa2 Bxa2 20. Ne2 Qa5
21. Nc3 Bc4 22. h4 Rc8 23. Rd2 Qa1+ 24. Kh2 Qe1 25. Qf2 Qxf2 26. Rxf2 b4 27.
Nd1 b3 28. Ne3 Kf8 29. Rd2 Be6 30. Rd3 Rc5 31. Nd5 Bxd5 32. exd5 Rb5 33. Kg3
Ke8 34. Kf4 Kd7 35. Ke3 e6 36. dxe6+ fxe6 37. Kd2 d5 38. Kc3 Kd6 39. f4 e5 40.
fxe5+ Kxe5 41. Re3+ Kf4 42. Re7 h5 43. Re6 Kf5 44. Ra6 g5 45. hxg5 Kxg5 46. Ra4
h4 47. Rd4 Kh5 48. Rf4 Kg5 49. Rd4 Kh5 50. Rf4 Rb6 51. Rf5+ Kg4 52. Rxd5 Kf4
53. Rh5 Kg4 54. Rh8 Rg6 55. Kxb3 Kg3 56. Kc4 Rg4+ 57. Kc5 Kxg2 58. b4 h3 59. b5
h2 1/2-1/2

[Event "WEM MT 2016"]
[Site "?"]
[Date "2016.08.29"]
[Round "3.2"]
[White "Schulze, Ulrich"]
[Black "Gabriel, Robert"]
[Result "1/2-1/2"]
[WhiteElo "2301"]
[BlackElo "2170"]
[PlyCount "29"]
[EventDate "2016.??.??"]
[WhiteTeam "Heilbronner SV"]
[BlackTeam "Stuttgarter SF"]

1. d4 Nf6 2. Nf3 e6 3. c4 Bb4+ 4. Bd2 Bxd2+ 5. Qxd2 O-O 6. Nc3 d5 7. e3 Qe7 8.
Be2 Rd8 9. O-O dxc4 10. Bxc4 c5 11. Qc2 Nc6 12. dxc5 Qxc5 13. Ne4 Qf5 14. Nxf6+
Qxf6 15. a3 1/2-1/2

[Event "WEM MT 2016"]
[Site "?"]
[Date "2016.08.29"]
[Round "3.3"]
[White "Fischer, Sebastian"]
[Black "Neyman, Igor"]
[Result "1/2-1/2"]
[WhiteElo "2229"]
[BlackElo "2271"]
[PlyCount "41"]
[EventDate "2016.??.??"]
[WhiteTeam "TSV Schönaich"]
[BlackTeam "Stuttgarter SF"]

1. d4 d5 2. Nf3 c6 3. Bf4 Nf6 4. Nbd2 Nbd7 5. h3 e6 6. e3 Be7 7. Bd3 c5 8. c3
a6 9. a4 Nf8 10. Ne5 Ng6 11. Bg3 Nxe5 12. Bxe5 Bd7 13. Qb1 Bc6 14. dxc5 Bxc5
15. b4 Bd6 16. Bxd6 Qxd6 17. O-O O-O 18. b5 axb5 19. axb5 Bd7 20. Qb2 h6 21.
Rxa8 1/2-1/2

[Event "WEM MT 2016"]
[Site "?"]
[Date "2016.08.29"]
[Round "3.4"]
[White "Gabriel, Josef"]
[Black "Pogan, Nikolas"]
[Result "1-0"]
[WhiteElo "2080"]
[BlackElo "2232"]
[PlyCount "90"]
[EventDate "2016.??.??"]
[WhiteTeam "Stuttgarter SF"]
[BlackTeam "Heilbronner SV"]

1. e4 c6 2. d4 d5 3. Nc3 g6 4. e5 Bg7 5. f4 h5 6. Nf3 Nh6 7. Be3 Bg4 8. Be2 Nf5
9. Bf2 h4 10. Qd2 e6 11. O-O-O Nd7 12. Kb1 Bf8 13. g3 b5 14. Ng5 Bxe2 15. Nxe2
Nb6 16. g4 Ng7 17. h3 Nc4 18. Qd3 a5 19. Ng1 a4 20. N1f3 a3 21. b3 Nb2 22. Qc3
c5 23. dxc5 Nxd1 24. Rxd1 Be7 25. b4 Kf8 26. Ne4 Ne8 27. Nd6 Nc7 28. Nd4 Ra6
29. N6xb5 Nxb5 30. Nxb5 Kg7 31. Ka1 Ra4 32. Rb1 Qa8 33. Bd4 Rb8 34. Nd6 Bd8 35.
b5 Ba5 36. Qd3 Kf8 37. Rb3 Bd8 38. f5 exf5 39. gxf5 gxf5 40. Qxf5 Qa7 41. c3
Ba5 42. Qh5 Rd8 43. c6 Rxd4 44. Qh8+ Ke7 45. Nf5+ Ke6 1-0

[Event "WEM MT 2016"]
[Site "?"]
[Date "2016.08.29"]
[Round "3.5"]
[White "Kabisch, Thilo"]
[Black "Weigand, Bernhard"]
[Result "1-0"]
[WhiteElo "2292"]
[BlackElo "2188"]
[PlyCount "155"]
[EventDate "2016.??.??"]
[WhiteTeam "SK Schmiden/Cannstatt"]
[BlackTeam "SV Nürtingen"]

1. e4 c5 2. Nf3 Nc6 3. d4 cxd4 4. Nxd4 g6 5. c4 Bg7 6. Nc2 d6 7. Be2 f5 8. exf5
Bxf5 9. Ne3 Nh6 10. O-O O-O 11. Nc3 Kh8 12. Qd2 Nd4 13. Nxf5 Nhxf5 14. Bd3 e5
15. b3 a6 16. Be4 Rb8 17. Bb2 b5 18. cxb5 axb5 19. Nd5 Qh4 20. Qd3 Ne6 21. g3
Qg4 22. Bf3 Qg5 23. Bg2 Nfd4 24. b4 Rf7 25. a4 bxa4 26. Rxa4 Rbf8 27. Bxd4 Nxd4
28. f4 Qg4 29. b5 Qd7 30. Rb4 Ne6 31. b6 Nc5 32. Qe2 Re8 33. Nc7 Rb8 34. Na6
Nxa6 35. Qxa6 d5 36. Rd1 d4 37. Qa7 Qd6 38. Ra4 Rff8 39. b7 exf4 40. gxf4 Qxf4
41. Ra3 Be5 42. Rh3 Qf2+ 43. Kh1 Qe2 44. Qa1 Qg4 45. Rf1 Rxf1+ 46. Qxf1 Qf4 47.
Qxf4 Bxf4 48. Rd3 Be5 49. Bc6 Rd8 50. Kg2 Kg7 51. h3 g5 52. Bf3 Kf6 53. Bg4 Rb8
54. Bc8 h5 55. Kf3 Ke7 56. Ke4 Kd6 57. Ra3 Bf4 58. Ra6+ Kc7 59. Rh6 Rxb7 60.
Bxb7 Kxb7 61. Rxh5 Be3 62. Kd5 d3 63. Rh7+ Kb6 64. Ke4 d2 65. Rd7 Kc6 66. Rd3
Bf2 67. Rxd2 Bh4 68. Kf5 Kc5 69. Kg6 Kc6 70. Rd4 Kc5 71. Rd1 Kc6 72. Kf5 Kc5
73. Ke6 Kc4 74. Rd5 Kc3 75. Kf5 Kc4 76. Ra5 Kd4 77. Kg4 Ke4 78. Rxg5 1-0

[Event "WEM MT 2016"]
[Site "?"]
[Date "2016.08.29"]
[Round "3.6"]
[White "Gheng, Josef"]
[Black "Schmidt, Tobias"]
[Result "0-1"]
[WhiteElo "2319"]
[BlackElo "2174"]
[PlyCount "100"]
[EventDate "2016.??.??"]
[WhiteTeam "SC Erdmannhausen"]
[BlackTeam "SC Erdmannhausen"]

1. d4 e6 2. Nf3 d5 3. c4 Nf6 4. Nc3 dxc4 5. Qa4+ c6 6. Qxc4 b5 7. Qb3 Nbd7 8.
Bg5 Qa5 9. g3 Ne4 10. Bd2 Nxd2 11. Nxd2 Ba6 12. Bh3 b4 13. Nd1 Qh5 14. Bf1 Be7
15. Ne3 O-O 16. g4 Qb5 17. h4 Nb6 18. Ne4 Rad8 19. Nc2 Qa5 20. e3 Bxf1 21. Kxf1
Qb5+ 22. Kg2 a5 23. Ne1 c5 24. dxc5 Bxc5 25. Qc2 Rc8 26. Ng5 g6 27. Qe4 Be7 28.
Nef3 Rc4 29. Nd4 Bxg5 30. Nxb5 Rxe4 31. hxg5 Rxg4+ 32. Kf3 Rxg5 33. Nd4 Kg7 34.
Rac1 Rc8 35. Rxc8 Nxc8 36. Rc1 Nd6 37. Rc7 Kf6 38. Rd7 Nc4 39. Rc7 Nxb2 40. Ke2
Na4 41. f4 Rc5 42. Ra7 Nc3+ 43. Kf2 Nxa2 44. e4 e5 45. Ra6+ Kg7 46. fxe5 Rxe5
47. Nb3 Rxe4 48. Nxa5 Nc3 49. Ra7 Re2+ 50. Kf3 Ra2 0-1

[Event "WEM MT 2016"]
[Site "?"]
[Date "2016.08.29"]
[Round "3.7"]
[White "Namyslo, Holger"]
[Black "Mareck, Sascha"]
[Result "0-1"]
[WhiteElo "2278"]
[BlackElo "2159"]
[PlyCount "56"]
[EventDate "2016.??.??"]
[WhiteTeam "TG Biberach"]
[BlackTeam "SV Nürtingen"]

1. d4 g6 2. e4 d6 3. Nc3 c6 4. f4 d5 5. e5 h5 6. Nf3 Nh6 7. Bd3 Bf5 8. Be3 e6
9. Qd2 Nd7 10. h3 h4 11. Bf2 Be7 12. Nd1 c5 13. Ne3 c4 14. Bxf5 Nxf5 15. Nxf5
gxf5 16. O-O-O b5 17. c3 a5 18. Kb1 b4 19. Ka1 Qb6 20. Be1 Qb5 21. Rb1 Nb6 22.
Qc1 Rb8 23. Bd2 b3 24. a3 Qa4 25. Rg1 Nc8 26. g4 hxg3 27. Rxg3 Na7 28. Qg1 Bxa3
0-1

[Event "WEM MT 2016"]
[Site "?"]
[Date "2016.08.29"]
[Round "3.8"]
[White "Grill, Bernd"]
[Black "Maisch, Julian"]
[Result "1/2-1/2"]
[WhiteElo "2231"]
[BlackElo "2113"]
[PlyCount "37"]
[EventDate "2016.??.??"]
[WhiteTeam "SV Ebersbach"]
[BlackTeam "SF Kornwestheim"]

1. Nf3 c5 2. c4 g6 3. g3 Bg7 4. Bg2 Nc6 5. Nc3 d6 6. O-O e6 7. d3 Nge7 8. Bg5
h6 9. Bd2 b6 10. a3 Bb7 11. Rb1 Qd7 12. b4 Rd8 13. Ne1 O-O 14. Qa4 Ba8 15. e3
Ne5 16. Bxa8 Qxa4 17. Nxa4 Rxa8 18. f4 Nd7 19. Nf3 1/2-1/2